Score 0/15 Timer 04:00
0 Plays Today
Question Answer % Correct
In Catholicism, violet is the liturgical color for Lent, which ends on what holiday?Easter
89.4%
Violet was a character created by Charles M. Schulz for what comic strip?Peanuts
87.7%
Violet derives from Latin, in which it shares a name with what stringed instrument?viola
82.5%
Violet Jessop notably survived accidents on the Britannic, Olympic and what other ocean liner?Titanic
81.8%
What author created the character Violet Beauregarde to tour Willy Wonka's factory?Roald Dahl
74.2%
Violet is used to symbolically represent the crown or 7th chakra (Sahasrara) in what religion?Hinduism
73.3%
Maggie Smith plays Violet Crawley on what period drama set in early 20th century Britain?Downton Abbey
70.6%
What quartz mineral is violet and is the traditional birthstone for February?amethyst
64.1%
Question Answer % Correct
In what New England state did Sister Arlene Violet become the U.S.'s first female Attorney General?Rhode Island
57.3%
What rock band led by Courtney Love released the song 'Violet' in 1995?Hole
52.7%
On what Nintendo console was the 2004 game, The Incredibles, featuring Violet Parr, released?GameCube
39.2%
The flag of what small Caribbean country is the only national flag containing violet?Dominica
32.4%
The visible portion of what spectrum has violet at one end and red at the other?electromagnetic
29.9%
What 4 time Oscar-winning actress played Violet Venable in Suddenly, Last Summer?Katharine Hepburn
25.1%
Officially known as the Violets, what type of feline is the mascot for New York University?bobcat
17.6%
Remove Ads.
Support Sporcle.
Get the best of Sporcle when you Go Orange. This ad-free experience offers more features, more stats, and more fun while also helping to support Sporcle. Thank you for becoming a member.

You're not logged in!

Compare scores with friends on all Sporcle quizzes.
OR
Log In

Sporcle TV

Today on Sporcle TV


Watch our educational content, quiz creation guides, and fun videos on Sporcle TV.

Show Comments

Extras

Top Quizzes Today


Score Distribution

Paid Content

Your Account Isn't Verified!

In order to create a playlist on Sporcle, you need to verify the email address you used during registration. Go to your Sporcle Settings to finish the process.

Report this User

Report this user for behavior that violates our Community Guidelines.

Details: